01611nam a22001577a 4500008004100000020001500041050001900056100002000075245008000095260003900175300002600214500002000240505116100260650001101421700002101432120917t xxu||||| |||| 00| 0 eng d a2090338547 aPC2129.E5 G501 aGregoire, Maria aGrammaire progressive: du francaise. /cMaria Gregoire and Odile Thievenaz. aParis:bCLE International,cc2002. a255 p.:bill.;c26cm. aIncludes index. aContents: Le Verbe etre -- La' Adjectif -- La negagation et l'interrogation -- Le nom et l'article -- C'est et il est -- Les possessifs -- Les noms de parente et de groupe -- Les demonstratifs -- Il y a et c'est -- La situation dans l'espace -- Le verbe avoir -- L' adjectif -- Les nombres -- Le temps -- Les indefinis -- Les verbs en er au present -- Le temps -- L' adverbe -- L' expression de la quantite -- Le pronom en -- La situation dans L'espace -- Le comparatif et le superlatif -- Le verbe aller -- Le pronom y -- La situation dans l'espace et le temps -- Les verbes en ir oir et re -- Les verbes pronomaux -- Les pronoms complements -- L'imperatif -- Le conditionnel -- Les pronoms toniques -- Les relatifs -- L'interrogation -- La negation -- Le discourse indirect -- Le gerondif -- Les prepositions et les verbes -- Les verbes de deplacement -- Le future proche -- Le passe compose -- Le temps -- Le passif -- L'imparfait -- Le plus-que-parfait -- Le discours indirect -- Venir de entre en train de entre sur le point de -- Le future simple -- Le future anterieur -- Le conditionnel -- Les hypothesis -- Le subjonctif -- Les relations logiques. bFrench aThievenaz, Odile